[Event "PHI-ch U14"]
[Site "San Antonio"]
[Date "2014.04.25"]
[Round "8"]
[White "Sato, Carl Zirex"]
[Black "Mangubat, Valerio"]
[Result "0-1"]
[WhiteElo "1941"]
[BlackElo "1893"]
[PlyCount "84"]
[EventDate "2014.04.21"]
[EventType "swiss"]
[EventRounds "13"]
[EventCountry "PHI"]
[SourceTitle "CBM 160 Extra"]
[Source "ChessBase"]
[SourceDate "2014.07.01"]
[SourceVersion "1"]
[SourceVersionDate "2014.07.01"]
[SourceQuality "1"]

1. e4 c5 2. Nf3 d6 3. d4 cxd4 4. Nxd4 Nf6 5. Nc3 a6 6. Bg5 e6 7. f4 Be7 8. Qf3 Qc7 9. 0-0-0 Nbd7 10. Bd3 h6 11. Bh4 g5 12. fxg5 Ne5 13. Qe2 Nfg4 14. Nf3 hxg5 15. Bxg5 Bxg5+ 16. Nxg5 Qe7 17. Nf3 Nxf3 18. gxf3 Qg5+ 19. Kb1 Ne5 20. Rdg1 Qf4 21. Rg3 Qxg3 22. hxg3 Rxh1+ 23. Nd1 Bd7 24. b3 Ke7 25. Kb2 Rah8 26. Nf2 R1h2 27. Qe3 Rg2 28. f4 Nxd3+ 29. Nxd3 Rhh2 30. e5 Rxc2+ 31. Kb1 Bb5 32. exd6+ Kxd6 33. Qb6+ Ke7 34. Qxb7+ Kf6 35. Ne5 Rb2+ 36. Kc1 Rhc2+ 37. Kd1 Rd2+ 38. Kc1 Rbc2+ 39. Kb1 Rb2+ 40. Kc1 Rdc2+ 41. Kd1 Be2+ 42. Ke1 Bh5 0-1

[Event "PHI-ch U14"]
[Site "San Antonio"]
[Date "2014.04.24"]
[Round "6"]
[White "Sato, Carl Zirex"]
[Black "Canino, Romeo"]
[Result "1-0"]
[WhiteElo "1941"]
[BlackElo "1973"]
[PlyCount "71"]
[EventDate "2014.04.21"]
[EventType "swiss"]
[EventRounds "13"]
[EventCountry "PHI"]
[SourceTitle "CBM 160 Extra"]
[Source "ChessBase"]
[SourceDate "2014.07.01"]
[SourceVersion "1"]
[SourceVersionDate "2014.07.01"]
[SourceQuality "1"]

1. e4 c6 2. d4 d5 3. Nd2 dxe4 4. Nxe4 Nf6 5. Ng3 e5 6. Nf3 e4 7. Ng5 Bf5 8. Nxf5 Qa5+ 9. Bd2 Qxf5 10. Bc4 Nd5 11. Qe2 Be7 12. Nxe4 0-0 13. 0-0-0 Nd7 14. Ng3 Qe6 15. Qxe6 fxe6 16. f3 b5 17. Bb3 Bd6 18. Rhe1 Rfe8 19. Ne4 Bxh2 20. g3 N5f6 21. Bf4 a5 22. a3 Nd5 23. Bd6 N7f6 24. Nxf6+ gxf6 25. Rh1 Rad8 26. Bc5 Ne3 27. Rxh2 Nxd1 28. Kxd1 a4 29. Ba2 Kg7 30. c3 h6 31. g4 f5 32. Bb1 Rd5 33. Kd2 fxg4 34. fxg4 Red8 35. Ke3 Rg5 36. Be7 1-0